Najkrajšie knihy Slovenska 2011 20. ročník súťaže

Bibliographic Details
Corporate Author: Najkrajšie knihy Slovenska (súťaž) Bratislava, Slovensko)
Other Authors: Cíferská, Eva, 1954- (Compiler)
Format: Conference Proceeding Book
Language:Slovak
English
German
PhysicalDescription:40 s. fotogr. 21 cm
Published: Bratislava Bibiana 2012
ISBN:9788089154388 (brož.)
Edition:[1. vyd.]
Subjects:

MARC

LEADER 00000cam a2200000 a 4500
001 vtls010429866
003 SK-MaSNL
005 20260425230051.0
008 120614s2012 xo oa g c 001 0 slo
015 |a SNBE2013 
020 |a 9788089154388 (brož.) 
040 |a SNK  |b slo  |c SNK  |e AACR2 
041 0 |a slo  |a eng  |a ger 
043 |a e-xo--- 
044 |a xo  |c SK 
072 7 |a 655  |x Polygrafia. Vydavateľstvá a knižný obchod  |2 konspekt 
080 |a 08/09  |2 2001 
080 |a [655.1+686.1]:74/77  |2 2001 
080 |a (437.6)  |2 2001 
080 |a 655+686.1  |2 2001 
080 |a (083.82)  |2 2001 
111 2 |a Najkrajšie knihy Slovenska (súťaž)  |n (20. :  |d 2011 :  |c Bratislava, Slovensko)  |9 415444 
245 1 0 |a Najkrajšie knihy Slovenska 2011  |b 20. ročník súťaže  |c [zostavila: Eva Cíferská] 
246 1 4 |a The most beautiful books of Slovakia 
246 1 4 |a Die schönsten Bücher der Slowakei 
250 |a [1. vyd.] 
260 |a Bratislava  |b Bibiana  |c 2012 
300 |a 40 s.  |b fotogr.  |c 21 cm 
366 |e 500 výt. 
611 2 7 |a Najkrajšie knihy Slovenska (súťaž)  |n (20. :  |d 2011 :  |c Bratislava, Slovensko)  |2 SNKKA  |9 415444 
650 0 7 |a knižné umenie  |2 SNKPH  |9 2744 
650 0 7 |a knižná kultúra  |2 SNKPH  |9 31235 
650 0 7 |a knihy  |2 SNKPH  |9 19731 
650 0 7 |a Books  |2 SNKPHeng  |9 302610 
650 0 7 |a Art of the book  |2 SNKPHeng  |9 313362 
650 0 7 |a Books and reading  |2 SNKPHeng  |9 273405 
651 7 |a Bratislava (Slovensko)  |2 SNKPH  |9 14568 
651 7 |a Bratislava (Slovakia)  |2 SNKPHeng  |9 171234 
655 7 |a katalógy  |2 SNKPH  |9 60821 
655 7 |a Catalogs  |2 SNKPHeng  |9 266059 
700 1 |a Cíferská, Eva,  |d 1954-  |4 com  |9 213465 
919 |a 978-80-89154-38-8 
999 |c 665694  |d 667624 
952 |a SNK  |b SNK  |y PREZ  |7 0  |p 17A0954616  |o snkOSC 26031  |i snk2012/11597  |8 0  |0 0  |1 0  |4 0  |d 2012-06-14  |l 0  |r 2026-02-23 19:08:16  |w 2026-02-23 
952 |a SNK  |b SNK  |y VYP  |7 0  |p 17A0954617  |o snkOSC 26031 D1  |i snk2012/11598  |8 0  |0 0  |1 0  |4 0  |d 2012-06-14  |l 0  |r 2026-02-23 19:08:16  |w 2026-02-23